| 000 -LEADER |
| fixed length control field |
02825cam a2200397 a 4500 |
| 001 - CONTROL NUMBER |
| control field |
17091490 |
| 005 - DATE AND TIME OF LATEST TRANSACTION |
| control field |
20170105102840.0 |
| 008 - FIXED-LENGTH DATA ELEMENTS--GENERAL INFORMATION |
| fixed length control field |
111214s2012 enka b 001 0 eng |
| 010 ## - LIBRARY OF CONGRESS CONTROL NUMBER |
| LC control number |
2011051622 |
| 020 ## - INTERNATIONAL STANDARD BOOK NUMBER |
| International Standard Book Number |
9780415502412 (hbk) |
| 020 ## - INTERNATIONAL STANDARD BOOK NUMBER |
| International Standard Book Number |
9780203112823 (ebk) |
| 035 ## - SYSTEM CONTROL NUMBER |
| System control number |
(DNLM)101574622 |
| 040 ## - CATALOGING SOURCE |
| Original cataloging agency |
DNLM/DLC |
| Transcribing agency |
DLC |
| Modifying agency |
DLC |
| 042 ## - AUTHENTICATION CODE |
| Authentication code |
pcc |
| 050 00 - LIBRARY OF CONGRESS CALL NUMBER |
| Classification number |
R733 |
| Item number |
.M4235 2012 |
| 060 10 - NATIONAL LIBRARY OF MEDICINE CALL NUMBER |
| Classification number |
WB 890 |
| 082 00 - DEWEY DECIMAL CLASSIFICATION NUMBER |
| Classification number |
615.50954 |
| Edition number |
23 |
| 245 00 - TITLE STATEMENT |
| Title |
Medical marginality in South Asia : |
| Remainder of title |
situating subaltern therapeutics / |
| Statement of responsibility, etc. |
edited by David Hardiman and Projit Bihari Mukharji. |
| 260 ## - PUBLICATION, DISTRIBUTION, ETC. |
| Place of publication, distribution, etc. |
London ; |
| -- |
New York : |
| Name of publisher, distributor, etc. |
Routledge, |
| Date of publication, distribution, etc. |
2012. |
| 300 ## - PHYSICAL DESCRIPTION |
| Extent |
xii, 202 p. : |
| Other physical details |
ill. ; |
| Dimensions |
24 cm. |
| 490 1# - SERIES STATEMENT |
| Series statement |
Intersections ; |
| Volume/sequential designation |
6 |
| 504 ## - BIBLIOGRAPHY, ETC. NOTE |
| Bibliography, etc. note |
Includes bibliographical references (p. 193-194) and index. |
| 520 ## - SUMMARY, ETC. |
| Summary, etc. |
"This book demarcates and records subaltern therapy as a distinct realm that both interacts with and resists statist medicine. It provides a more integrated approach that places the subaltern subject and subaltern therapy in an ongoing and historical relationship with state-sanctioned and elite forms of medical practice. Focusing on those who exist and practice in the shadow of statist medicine, examining how they operate, and how they experience being in this position, it offers a means to understand how subaltern practice has evolved and changed over time, and how it has related in ever-changing ways to other forms of medicine and healing. The result shows that there is considerable fluidity in this, so that a type of practice may be elite in one context, subaltern in another. Contributors examine statist medicine from a critical perspective, the forms that subaltern therapy assumes, and their logics, as well as the problem of transition, one of the central concerns of subaltern historiography. Finally, other forms of diverse therapeutic practice are discussed, which continue to enjoy mass popular support in South Asia to this day. Addresses an area of research that is expanding rapidly among anthropologists and historians today and including contributions by some of the leading figures in South Asian history, this book is a path-breaking contribution to the study of medicine and society, history and South Asian Studies"-- |
| 650 12 - SUBJECT ADDED ENTRY--TOPICAL TERM |
| Topical term or geographic name entry element |
Complementary Therapies |
| Geographic subdivision |
India. |
| 650 22 - SUBJECT ADDED ENTRY--TOPICAL TERM |
| Topical term or geographic name entry element |
Complementary Therapies |
| General subdivision |
history |
| Geographic subdivision |
India. |
| 650 22 - SUBJECT ADDED ENTRY--TOPICAL TERM |
| Topical term or geographic name entry element |
Health Services Accessibility |
| Geographic subdivision |
India. |
| 650 22 - SUBJECT ADDED ENTRY--TOPICAL TERM |
| Topical term or geographic name entry element |
Health Services Accessibility |
| General subdivision |
history |
| Geographic subdivision |
India. |
| 650 22 - SUBJECT ADDED ENTRY--TOPICAL TERM |
| Topical term or geographic name entry element |
Medicine, Traditional |
| Geographic subdivision |
India. |
| 650 22 - SUBJECT ADDED ENTRY--TOPICAL TERM |
| Topical term or geographic name entry element |
Medicine, Traditional |
| General subdivision |
history |
| Geographic subdivision |
India. |
| 650 22 - SUBJECT ADDED ENTRY--TOPICAL TERM |
| Topical term or geographic name entry element |
Socioeconomic Factors |
| Geographic subdivision |
India. |
| 700 1# - ADDED ENTRY--PERSONAL NAME |
| Personal name |
Hardiman, David. |
| 700 1# - ADDED ENTRY--PERSONAL NAME |
| Personal name |
Mukharji, Projit Bihari. |
| 830 #0 - SERIES ADDED ENTRY--UNIFORM TITLE |
| Uniform title |
Intersections (London, England) ; |
| Volume/sequential designation |
6. |
| 906 ## - LOCAL DATA ELEMENT F, LDF (RLIN) |
| a |
7 |
| b |
cbc |
| c |
orignew |
| d |
1 |
| e |
ecip |
| f |
20 |
| g |
y-gencatlg |
| 942 ## - ADDED ENTRY ELEMENTS (KOHA) |
| Source of classification or shelving scheme |
|
| Koha item type |
Book |